[Event "Benidorm Satellite preliminary"]
[Site "playchess.com #007036"]
[Date "2009.10.24"]
[Round "10"]
[White "huseyinist"]
[Black "Bystrc2010"]
[Result "0-1"]
[WhiteElo "1493"]
[BlackElo "1760"]
[PlyCount "60"]
[EventDate "2009.10.24"]
[EventType "swiss (blitz)"]

1. e4 {[%emt 0:00:02]} c5 {[%emt 0:00:01]} 2. Nf3 {[%emt 0:00:03]} Nc6 {[%emt
0:00:01]} 3. d4 {[%emt 0:00:00]} cxd4 {[%emt 0:00:01]} 4. Nxd4 {[%emt 0:00:00]}
Nf6 {[%emt 0:00:01]} 5. Nc3 {[%emt 0:00:01]} e5 {[%emt 0:00:01]} 6. Ndb5 {
[%emt 0:00:01]} d6 {[%emt 0:00:01]} 7. Bg5 {[%emt 0:00:03]} a6 {[%emt 0:00:01]}
8. Na3 {[%emt 0:00:01]} b5 {[%emt 0:00:01]} 9. Nd5 {[%emt 0:00:01]} Be7 {[%emt
0:00:01]} 10. Nxe7 {[%emt 0:00:17]} Nxe7 {[%emt 0:00:02]} 11. Bxf6 {[%emt 0:00:
03]} gxf6 {[%emt 0:00:01]} 12. c3 {[%emt 0:00:16]} O-O {[%emt 0:00:06]} 13. Qh5
{[%emt 0:00:07]} Ng6 {[%emt 0:00:16]} 14. Bd3 {[%emt 0:00:14]} Kh8 {[%emt 0:00:
22]} 15. Nc2 {[%emt 0:00:12]} Nf4 {[%emt 0:00:07]} 16. Qd1 {[%emt 0:00:02]}
Nxg2+ {[%emt 0:00:10]} 17. Kf1 {[%emt 0:00:03]} Nf4 {[%emt 0:00:01]} 18. Ne3 {
[%emt 0:00:04]} Bh3+ {[%emt 0:00:02]} 19. Ke1 {[%emt 0:00:02]} Rg8 {[%emt 0:00:
10]} 20. Nf5 {[%emt 0:00:19]} Bxf5 {[%emt 0:00:10]} 21. exf5 {[%emt 0:00:01]}
Qb6 {[%emt 0:00:10]} 22. Qf3 {[%emt 0:00:19]} Rae8 {[%emt 0:00:16]} 23. Be4 {
[%emt 0:00:03]} b4 {[%emt 0:00:11]} 24. c4 {[%emt 0:00:15]} Rg7 {[%emt 0:00:12]
} 25. Rd1 {[%emt 0:00:07]} Reg8 {[%emt 0:00:09]} 26. Qe3 {[%emt 0:00:25]} Qa5 {
[%emt 0:00:13]} 27. Qb3 {[%emt 0:00:36]} Qc5 {[%emt 0:00:12]} 28. h4 {[%emt 0:
00:09]} Rg1+ {[%emt 0:00:06]} 29. Rxg1 {[%emt 0:00:02]} Rxg1+ {[%emt 0:00:01]}
30. Kd2 {[%emt 0:00:02]} Qxf2+ {[%emt 0:00:06] Bystrc2010 claims flag 
(automatic).} 0-1

[Event "Benidorm Satellite preliminary"]
[Site "playchess.com #007036"]
[Date "2009.10.24"]
[Round "10"]
[White "Zoschi"]
[Black "Baby Animals"]
[Result "1-0"]
[WhiteElo "1645"]
[BlackElo "1750"]
[PlyCount "91"]
[EventDate "2009.10.24"]
[EventType "swiss (blitz)"]

1. d4 {[%emt 0:00:01]} d6 {[%emt 0:00:01]} 2. Nf3 {[%emt 0:00:01]} g6 {[%emt 0:
00:00]} 3. c4 {[%emt 0:00:01]} Bg7 {[%emt 0:00:00]} 4. Nc3 {[%emt 0:00:01]} c6
{[%emt 0:00:00]} 5. g3 {[%emt 0:00:02]} Nd7 {[%emt 0:00:00]} 6. Bg2 {[%emt 0:
00:01]} Ngf6 {[%emt 0:00:01]} 7. O-O {[%emt 0:00:01]} O-O {[%emt 0:00:00]} 8.
b3 {[%emt 0:00:01]} Qc7 {[%emt 0:00:01]} 9. Bb2 {[%emt 0:00:01]} e5 {[%emt 0:
00:01]} 10. e4 {[%emt 0:00:06]} Re8 {[%emt 0:00:03]} 11. Re1 {[%emt 0:00:05]}
c5 {[%emt 0:00:04]} 12. dxe5 {[%emt 0:00:05]} Nxe5 {[%emt 0:00:02]} 13. Nxe5 {
[%emt 0:00:01]} Rxe5 {[%emt 0:00:01]} 14. Nd5 {[%emt 0:00:24]} Nxd5 {[%emt 0:
00:06]} 15. Bxe5 {[%emt 0:00:05]} Bxe5 {[%emt 0:00:01]} 16. Qxd5 {[%emt 0:00:
28]} Bxa1 {[%emt 0:00:03]} 17. Rxa1 {[%emt 0:00:00]} Be6 {[%emt 0:00:02]} 18.
Qd2 {[%emt 0:00:08]} Rd8 {[%emt 0:00:03]} 19. Rd1 {[%emt 0:00:02]} a6 {[%emt 0:
00:01]} 20. e5 {[%emt 0:00:18]} b5 {[%emt 0:00:10]} 21. exd6 {[%emt 0:00:05]}
Qb6 {[%emt 0:00:02]} 22. cxb5 {[%emt 0:00:13]} axb5 {[%emt 0:00:01]} 23. Qf4 {
[%emt 0:00:02]} Kg7 {[%emt 0:00:05]} 24. Qe5+ {[%emt 0:00:15]} Kg8 {[%emt 0:00:
04]} 25. h4 {[%emt 0:00:04]} c4 {[%emt 0:00:01]} 26. bxc4 {[%emt 0:00:16]} bxc4
{[%emt 0:00:01]} 27. d7 {[%emt 0:00:34]} c3 {[%emt 0:00:13]} 28. Qxc3 {[%emt 0:
00:04]} Rxd7 {[%emt 0:00:07]} 29. Rxd7 {[%emt 0:00:04]} Bxd7 {[%emt 0:00:01]}
30. a3 {[%emt 0:00:10]} h5 {[%emt 0:00:08]} 31. Qe3 {[%emt 0:00:04]} Qa6 {
[%emt 0:00:05]} 32. Kh2 {[%emt 0:00:02]} Be6 {[%emt 0:00:06]} 33. Bf3 {[%emt 0:
00:07]} Kg7 {[%emt 0:00:02]} 34. Be2 {[%emt 0:00:01]} Qc6 {[%emt 0:00:06]} 35.
Qe5+ {[%emt 0:00:03]} f6 {[%emt 0:00:04]} 36. Qb5 {[%emt 0:00:06]} Qe4 {[%emt
0:00:03]} 37. Qd3 {[%emt 0:00:02]} Qc6 {[%emt 0:00:08]} 38. Qb5 {[%emt 0:00:02]
} Qc1 {[%emt 0:00:10]} 39. Qd3 {[%emt 0:00:03]} Qa1 {[%emt 0:00:05]} 40. Bd1 {
[%emt 0:00:04]} Qe5 {[%emt 0:00:05]} 41. Qf3 {[%emt 0:00:03]} Bd5 {[%emt 0:00:
02]} 42. Qe3 {[%emt 0:00:02]} Qd6 {[%emt 0:00:14] '} 43. Bb3 {[%emt 0:00:03]}
Bb7 {[%emt 0:00:23]} 44. Qe8 {[%emt 0:00:01]} Qxa3 {[%emt 0:00:07]} 45. Qg8+ {
[%emt 0:00:02]} Kh6 {[%emt 0:00:07]} 46. Qh8# {[%emt 0:00:01]} 1-0

[Event "Benidorm Satellite preliminary"]
[Site "playchess.com #007036"]
[Date "2009.10.24"]
[Round "10"]
[White "Palmolive"]
[Black "Fighterknight"]
[Result "1-0"]
[WhiteElo "2353"]
[BlackElo "2277"]
[PlyCount "53"]
[EventDate "2009.10.24"]
[EventType "swiss (blitz)"]

1. e4 {[%emt 0:00:03]} d5 {[%emt 0:00:04]} 2. exd5 {[%emt 0:00:01]} Qxd5 {
[%emt 0:00:03]} 3. Nc3 {[%emt 0:00:01]} Qd6 {[%emt 0:00:01]} 4. d4 {[%emt 0:00:
01]} Nf6 {[%emt 0:00:01]} 5. Be3 {[%emt 0:00:15]} Nc6 {[%emt 0:00:05]} 6. Qd2 {
[%emt 0:00:02]} a6 {[%emt 0:00:24]} 7. O-O-O {[%emt 0:00:10]} Bf5 {[%emt 0:00:
22]} 8. Bf4 {[%emt 0:00:01]} Qd7 {[%emt 0:00:04]} 9. a3 {[%emt 0:00:05]} e6 {
[%emt 0:00:10]} 10. d5 {[%emt 0:00:10]} exd5 {[%emt 0:00:07]} 11. Nxd5 {[%emt
0:00:01]} Nxd5 {[%emt 0:00:01]} 12. Qxd5 {[%emt 0:00:02]} O-O-O {[%emt 0:00:02]
} 13. Qxd7+ {[%emt 0:00:04]} Rxd7 {[%emt 0:00:01]} 14. Rxd7 {[%emt 0:00:02]}
Kxd7 {[%emt 0:00:00]} 15. Bc4 {[%emt 0:00:02]} Bc5 {[%emt 0:00:09]} 16. Bg3 {
[%emt 0:00:24]} h5 {[%emt 0:00:47]} 17. Nf3 {[%emt 0:00:13]} f6 {[%emt 0:00:06]
} 18. Nh4 {[%emt 0:00:02]} Bh7 {[%emt 0:00:02]} 19. Rd1+ {[%emt 0:00:10]} Kc8 {
[%emt 0:00:11]} 20. Be6+ {[%emt 0:00:03]} Kb8 {[%emt 0:00:02]} 21. Rd7 {[%emt
0:00:02]} g5 {[%emt 0:00:17]} 22. Rxc7 {[%emt 0:00:24]} Ka7 {[%emt 0:00:17]}
23. Nf5 {[%emt 0:01:05] .} h4 {[%emt 0:00:13]} 24. Bd6 {[%emt 0:00:03]} Bxf5 {
[%emt 0:00:08]} 25. Bxc5+ {[%emt 0:00:02]} Ka8 {[%emt 0:00:07]} 26. Bxf5 {
[%emt 0:00:03]} Re8 {[%emt 0:00:01]} 27. Rc8+ {[%emt 0:00:10] Fighterknight
resigns} 1-0

[Event "Benidorm Satellite preliminary"]
[Site "playchess.com #007036"]
[Date "2009.10.24"]
[Round "10"]
[White "Wun2"]
[Black "MischaT"]
[Result "0-1"]
[WhiteElo "1908"]
[BlackElo "2129"]
[PlyCount "72"]
[EventDate "2009.10.24"]
[EventType "swiss (blitz)"]

1. d4 {[%emt 0:00:01]} d5 {[%emt 0:00:02]} 2. c4 {[%emt 0:00:01]} Bf5 {[%emt 0:
00:01]} 3. Nc3 {[%emt 0:00:01]} e6 {[%emt 0:00:00]} 4. cxd5 {[%emt 0:00:06]}
exd5 {[%emt 0:00:02]} 5. Qb3 {[%emt 0:00:01]} Nc6 {[%emt 0:00:01]} 6. Nf3 {
[%emt 0:00:05]} Nb4 {[%emt 0:00:03]} 7. e4 {[%emt 0:00:25]} Qe7 {[%emt 0:00:04]
} 8. Be2 {[%emt 0:00:13]} Bxe4 {[%emt 0:00:27]} 9. O-O {[%emt 0:00:22]} O-O-O {
[%emt 0:00:15]} 10. Ne5 {[%emt 0:00:29]} f6 {[%emt 0:00:23]} 11. Nxe4 {[%emt 0:
00:04]} fxe5 {[%emt 0:00:05]} 12. Nc5 {[%emt 0:00:07]} exd4 {[%emt 0:00:04]}
13. Bd2 {[%emt 0:00:20]} Qxc5 {[%emt 0:00:04]} 14. Rfc1 {[%emt 0:00:04]} Qb6 {
[%emt 0:00:06]} 15. a3 {[%emt 0:00:10]} Nc6 {[%emt 0:00:11]} 16. Qa4 {[%emt 0:
00:04]} Nf6 {[%emt 0:00:13]} 17. Rc2 {[%emt 0:00:27]} Ne4 {[%emt 0:00:03]} 18.
Rac1 {[%emt 0:00:02]} Nc5 {[%emt 0:00:06]} 19. Rxc5 {[%emt 0:00:11]} Bxc5 {
[%emt 0:00:04]} 20. Bb5 {[%emt 0:00:01]} Rd6 {[%emt 0:00:08]} 21. b4 {[%emt 0:
00:06]} Bxb4 {[%emt 0:00:05]} 22. axb4 {[%emt 0:00:06]} Rhd8 {[%emt 0:00:22] '}
23. Bf4 {[%emt 0:00:05]} Re6 {[%emt 0:00:06]} 24. h3 {[%emt 0:00:04]} h6 {
[%emt 0:00:02]} 25. Rc5 {[%emt 0:00:03]} Rd7 {[%emt 0:00:17]} 26. Qb3 {[%emt 0:
00:03]} a6 {[%emt 0:00:03]} 27. Rxd5 {[%emt 0:00:02]} axb5 {[%emt 0:00:12]} 28.
Rxd7 {[%emt 0:00:01]} Kxd7 {[%emt 0:00:02]} 29. Qd5+ {[%emt 0:00:00]} Ke7 {
[%emt 0:00:04]} 30. Kh2 {[%emt 0:00:04]} Nxb4 {[%emt 0:00:02]} 31. Qf5 {[%emt
0:00:02]} Rf6 {[%emt 0:00:04]} 32. Qe5+ {[%emt 0:00:01]} Kf7 {[%emt 0:00:05]}
33. g4 {[%emt 0:00:03]} Rxf4 {[%emt 0:00:03]} 34. Qxf4+ {[%emt 0:00:01]} Kg8 {
[%emt 0:00:01]} 35. Qe5 {[%emt 0:00:01]} Qd6 {[%emt 0:00:06]} 36. g5 {[%emt 0:
00:00]} hxg5 {[%emt 0:00:02] Wun2 gibt auf} 0-1

[Event "Benidorm Satellite preliminary"]
[Site "playchess.com #007036"]
[Date "2009.10.24"]
[Round "10"]
[White "MichelS"]
[Black "HaraldEtuna"]
[Result "0-1"]
[WhiteElo "1864"]
[BlackElo "2160"]
[PlyCount "66"]
[EventDate "2009.10.24"]
[EventType "swiss (blitz)"]

1. d4 {[%emt 0:00:01]} d5 {[%emt 0:00:01]} 2. c4 {[%emt 0:00:01]} Nc6 {[%emt 0:
00:01]} 3. Nf3 {[%emt 0:00:07]} Bg4 {[%emt 0:00:02]} 4. Nc3 {[%emt 0:00:03]} e6
{[%emt 0:00:01]} 5. Bf4 {[%emt 0:00:01]} Bxf3 {[%emt 0:00:02]} 6. gxf3 {[%emt
0:00:03]} Bd6 {[%emt 0:00:00]} 7. Bg3 {[%emt 0:00:02]} Nge7 {[%emt 0:00:03]} 8.
e3 {[%emt 0:00:01]} O-O {[%emt 0:00:07]} 9. cxd5 {[%emt 0:00:02]} exd5 {[%emt
0:00:02]} 10. Bd3 {[%emt 0:00:01]} a6 {[%emt 0:00:03]} 11. a3 {[%emt 0:00:03]}
b5 {[%emt 0:00:11]} 12. Rc1 {[%emt 0:00:02]} Na5 {[%emt 0:00:05]} 13. Bb1 {
[%emt 0:00:07]} Nc4 {[%emt 0:00:03]} 14. Qc2 {[%emt 0:00:19]} g6 {[%emt 0:00:
01]} 15. a4 {[%emt 0:00:12]} c6 {[%emt 0:00:01]} 16. b3 {[%emt 0:00:09]} Na3 {
[%emt 0:00:03]} 17. Qd2 {[%emt 0:00:24]} Bb4 {[%emt 0:00:16]} 18. Kf1 {[%emt 0:
00:04]} Qa5 {[%emt 0:00:16]} 19. Bd3 {[%emt 0:00:12]} Rac8 {[%emt 0:00:07]} 20.
h4 {[%emt 0:00:09]} c5 {[%emt 0:00:07]} 21. Qb2 {[%emt 0:00:05]} cxd4 {[%emt 0:
00:02]} 22. Nxd5 {[%emt 0:00:22]} Nxd5 {[%emt 0:00:05]} 23. Rxc8 {[%emt 0:00:
06]} Rxc8 {[%emt 0:00:02]} 24. Qxd4 {[%emt 0:00:02]} bxa4 {[%emt 0:00:07]} 25.
Bc4 {[%emt 0:00:04]} Rd8 {[%emt 0:00:06]} 26. h5 {[%emt 0:00:05]} Ne7 {[%emt 0:
00:13]} 27. Qf6 {[%emt 0:00:26]} Nxc4 {[%emt 0:00:25]} 28. hxg6 {[%emt 0:00:15]
} Nxg6 {[%emt 0:00:46] '} 29. Rxh7 {[%emt 0:00:21]} Kxh7 {[%emt 0:00:10]} 30.
Qxf7+ {[%emt 0:00:01]} Kh6 {[%emt 0:00:07]} 31. bxc4 {[%emt 0:00:08]} Rd1+ {
[%emt 0:00:14]} 32. Kg2 {[%emt 0:00:02]} Qh5 {[%emt 0:00:01]} 33. f4 {[%emt 0:
00:07]} Qh1# {[%emt 0:00:02]} 0-1

[Event "Benidorm Satellite preliminary"]
[Site "playchess.com #007036"]
[Date "2009.10.24"]
[Round "10"]
[White "Chessmaestro"]
[Black "Matty_xxx"]
[Result "1-0"]
[WhiteElo "2613"]
[BlackElo "2223"]
[PlyCount "75"]
[EventDate "2009.10.24"]
[EventType "swiss (blitz)"]

1. c4 {[%emt 0:00:02]} c5 {[%emt 0:00:01]} 2. Nc3 {[%emt 0:00:01]} Nf6 {[%emt
0:00:01]} 3. g3 {[%emt 0:00:01]} d5 {[%emt 0:00:02]} 4. cxd5 {[%emt 0:00:02]}
Nxd5 {[%emt 0:00:00]} 5. Bg2 {[%emt 0:00:01]} Nc7 {[%emt 0:00:01]} 6. Nf3 {
[%emt 0:00:00]} Nc6 {[%emt 0:00:02]} 7. O-O {[%emt 0:00:00]} e5 {[%emt 0:00:01]
} 8. d3 {[%emt 0:00:02]} Be7 {[%emt 0:00:02]} 9. Be3 {[%emt 0:00:02]} O-O {
[%emt 0:00:05]} 10. Rc1 {[%emt 0:00:01]} Ne6 {[%emt 0:00:12]} 11. a3 {[%emt 0:
00:04]} Bd7 {[%emt 0:00:08]} 12. Nd5 {[%emt 0:00:11]} Bd6 {[%emt 0:00:07]} 13.
Nd2 {[%emt 0:00:01]} Ncd4 {[%emt 0:00:20]} 14. Ne4 {[%emt 0:00:25]} Bc6 {[%emt
0:00:06]} 15. Nec3 {[%emt 0:00:22]} Rb8 {[%emt 0:00:22]} 16. b4 {[%emt 0:00:02]
} cxb4 {[%emt 0:00:05]} 17. axb4 {[%emt 0:00:01]} b5 {[%emt 0:00:08]} 18. Ra1 {
[%emt 0:00:02]} Qd7 {[%emt 0:00:03]} 19. Bd2 {[%emt 0:00:10]} Rfd8 {[%emt 0:00:
14]} 20. e3 {[%emt 0:00:09]} Nf5 {[%emt 0:00:01]} 21. Qg4 {[%emt 0:00:12]} Qb7
{[%emt 0:00:57]} 22. Qxf5 {[%emt 0:00:07]} Bxb4 {[%emt 0:00:01]} 23. Nxb4 {
[%emt 0:00:46]} Bxg2 {[%emt 0:00:02]} 24. Rfb1 {[%emt 0:00:01]} g6 {[%emt 0:00:
04]} 25. Qxe5 {[%emt 0:00:05]} Rbc8 {[%emt 0:00:22]} 26. Nbd5 {[%emt 0:00:23]}
Rxd5 {[%emt 0:00:08]} 27. Nxd5 {[%emt 0:00:02]} Bxd5 {[%emt 0:00:00]} 28. Bc3 {
[%emt 0:00:03]} Rxc3 {[%emt 0:00:10]} 29. Qxc3 {[%emt 0:00:01]} Ng5 {[%emt 0:
00:00]} 30. e4 {[%emt 0:00:02]} Bxe4 {[%emt 0:00:06]} 31. dxe4 {[%emt 0:00:01]}
Qxe4 {[%emt 0:00:01]} 32. Rb3 {[%emt 0:00:17] .} Nh3+ {[%emt 0:00:02]} 33. Kf1
{[%emt 0:00:01]} Qh1+ {[%emt 0:00:04]} 34. Ke2 {[%emt 0:00:01]} Qe4+ {[%emt 0:
00:01]} 35. Kd2 {[%emt 0:00:02]} Ng5 {[%emt 0:00:02]} 36. Rxa7 {[%emt 0:00:03]}
Qd5+ {[%emt 0:00:02]} 37. Kc1 {[%emt 0:00:02]} Qh1+ {[%emt 0:00:03]} 38. Kb2 {
[%emt 0:00:02] Matty_xxx gibt auf} 1-0

[Event "Benidorm Satellite preliminary"]
[Site "playchess.com #007036"]
[Date "2009.10.24"]
[Round "10"]
[White "sabla"]
[Black "Benitotj"]
[Result "1-0"]
[WhiteElo "1717"]
[BlackElo "1486"]
[PlyCount "103"]
[EventDate "2009.10.24"]
[EventType "swiss (blitz)"]

1. d4 {[%emt 0:00:02]} d5 {[%emt 0:00:02]} 2. Nc3 {[%emt 0:00:01]} Nf6 {[%emt
0:00:04]} 3. Bg5 {[%emt 0:00:02]} e6 {[%emt 0:00:01]} 4. e4 {[%emt 0:00:01]}
dxe4 {[%emt 0:00:05]} 5. Nxe4 {[%emt 0:00:01]} Be7 {[%emt 0:00:02]} 6. Bxf6 {
[%emt 0:00:01]} Bxf6 {[%emt 0:00:01]} 7. Nf3 {[%emt 0:00:00]} Be7 {[%emt 0:00:
04]} 8. h4 {[%emt 0:00:01]} Nc6 {[%emt 0:00:03]} 9. c3 {[%emt 0:00:01]} O-O {
[%emt 0:00:09]} 10. Bd3 {[%emt 0:00:02]} f5 {[%emt 0:00:02]} 11. Ng3 {[%emt 0:
00:02]} e5 {[%emt 0:00:10]} 12. dxe5 {[%emt 0:00:06]} Be6 {[%emt 0:00:13]} 13.
Qe2 {[%emt 0:00:03]} Qe8 {[%emt 0:00:06]} 14. O-O-O {[%emt 0:00:05]} a5 {[%emt
0:00:03]} 15. Ng5 {[%emt 0:00:02]} Bxg5+ {[%emt 0:00:28]} 16. hxg5 {[%emt 0:00:
02]} Bxa2 {[%emt 0:00:16]} 17. f4 {[%emt 0:00:01]} Be6 {[%emt 0:00:08]} 18. Nh5
{[%emt 0:00:05]} a4 {[%emt 0:00:03]} 19. g4 {[%emt 0:00:02]} a3 {[%emt 0:00:05]
} 20. bxa3 {[%emt 0:00:12]} Rxa3 {[%emt 0:00:02]} 21. gxf5 {[%emt 0:00:03]}
Rxc3+ {[%emt 0:00:30]} 22. Kd2 {[%emt 0:00:04]} Nd4 {[%emt 0:00:04]} 23. Qh2 {
[%emt 0:00:15]} Nf3+ {[%emt 0:00:03]} 24. Kxc3 {[%emt 0:00:01]} Nxh2 {[%emt 0:
00:02]} 25. Rxh2 {[%emt 0:00:08]} Qc6+ {[%emt 0:00:07]} 26. Kd2 {[%emt 0:00:05]
} Bxf5 {[%emt 0:00:09]} 27. Nf6+ {[%emt 0:00:01]} gxf6 {[%emt 0:00:09]} 28.
Bxf5 {[%emt 0:00:03]} Qd5+ {[%emt 0:00:05]} 29. Ke1 {[%emt 0:00:07]} Qa5+ {
[%emt 0:00:10]} 30. Rdd2 {[%emt 0:00:06]} fxe5 {[%emt 0:00:02]} 31. Bxh7+ {
[%emt 0:00:05]} Kg7 {[%emt 0:00:02]} 32. Ke2 {[%emt 0:00:12]} Rxf4 {[%emt 0:00:
01]} 33. Rd7+ {[%emt 0:00:03]} Kf8 {[%emt 0:00:02]} 34. Bc2 {[%emt 0:00:08]}
Qb5+ {[%emt 0:00:02]} 35. Bd3 {[%emt 0:00:03]} Qxd7 {[%emt 0:00:01]} 36. Rh8+ {
[%emt 0:00:01]} Kg7 {[%emt 0:00:02]} 37. Rh7+ {[%emt 0:00:01]} Kf8 {[%emt 0:00:
04]} 38. Rxd7 {[%emt 0:00:01]} Ke8 {[%emt 0:00:03]} 39. Rxc7 {[%emt 0:00:01]}
e4 {[%emt 0:00:02]} 40. Bc4 {[%emt 0:00:05]} Kd8 {[%emt 0:00:03]} 41. Rxb7 {
[%emt 0:00:02]} Rg4 {[%emt 0:00:02]} 42. Rb5 {[%emt 0:00:03]} e3 {[%emt 0:00:
02]} 43. Bd3 {[%emt 0:00:04]} Rg3 {[%emt 0:00:03]} 44. g6 {[%emt 0:00:02]} Ke7
{[%emt 0:00:01]} 45. Rb6 {[%emt 0:00:06]} Kf8 {[%emt 0:00:05]} 46. Be4 {[%emt
0:00:01]} Kg7 {[%emt 0:00:02]} 47. Kd3 {[%emt 0:00:02]} Kh6 {[%emt 0:00:13]}
48. Rb7 {[%emt 0:00:04]} e2+ {[%emt 0:00:09]} 49. Kxe2 {[%emt 0:00:02]} Rxg6 {
[%emt 0:00:02]} 50. Bxg6 {[%emt 0:00:02]} Kxg6 {[%emt 0:00:01]} 51. Rb5 {[%emt
0:00:01]} Kf6 {[%emt 0:00:02]} 52. Ke3 {[%emt 0:00:01] Benitotj rinde} 1-0

[Event "Benidorm Satellite preliminary"]
[Site "playchess.com #007036"]
[Date "2009.10.24"]
[Round "10"]
[White "TheMaster15"]
[Black "JS_Mastropiero"]
[Result "1-0"]
[WhiteElo "2297"]
[BlackElo "2066"]
[PlyCount "87"]
[EventDate "2009.10.24"]
[EventType "swiss (blitz)"]

1. e4 {[%emt 0:00:01]} c5 {[%emt 0:00:02]} 2. Nf3 {[%emt 0:00:01]} d6 {[%emt 0:
00:01]} 3. d4 {[%emt 0:00:01]} cxd4 {[%emt 0:00:02]} 4. Nxd4 {[%emt 0:00:00]}
Nf6 {[%emt 0:00:01]} 5. Nc3 {[%emt 0:00:00]} a6 {[%emt 0:00:01]} 6. Bg5 {[%emt
0:00:01]} e6 {[%emt 0:00:02]} 7. f4 {[%emt 0:00:01]} Nc6 {[%emt 0:00:02]} 8.
Nxc6 {[%emt 0:00:07]} bxc6 {[%emt 0:00:02]} 9. e5 {[%emt 0:00:01]} h6 {[%emt 0:
00:02]} 10. Bh4 {[%emt 0:00:09]} g5 {[%emt 0:00:01]} 11. fxg5 {[%emt 0:00:03]}
Nd5 {[%emt 0:00:01]} 12. Ne4 {[%emt 0:00:07]} Qb6 {[%emt 0:00:01]} 13. c4 {
[%emt 0:00:20]} Qxb2 {[%emt 0:00:24]} 14. Rb1 {[%emt 0:00:22]} Qxe5 {[%emt 0:
00:02]} 15. cxd5 {[%emt 0:00:02]} Qxe4+ {[%emt 0:00:04]} 16. Be2 {[%emt 0:00:
02]} Qxh4+ {[%emt 0:00:06]} 17. g3 {[%emt 0:00:01]} Qxg5 {[%emt 0:00:03]} 18.
dxc6 {[%emt 0:00:01]} Qa5+ {[%emt 0:00:12]} 19. Kf1 {[%emt 0:00:02]} Qxa2 {
[%emt 0:00:22]} 20. c7 {[%emt 0:00:02]} Bd7 {[%emt 0:00:06]} 21. Rb8+ {[%emt 0:
00:03]} Ke7 {[%emt 0:00:17]} 22. Rxa8 {[%emt 0:00:04]} Bg7 {[%emt 0:00:01]} 23.
Rxh8 {[%emt 0:00:04]} Bxh8 {[%emt 0:00:01]} 24. Qc1 {[%emt 0:00:08]} Qd5 {
[%emt 0:00:02]} 25. Rg1 {[%emt 0:00:09]} Qb7 {[%emt 0:00:25]} 26. Rg2 {[%emt 0:
00:27]} Be5 {[%emt 0:00:12]} 27. Bd3 {[%emt 0:00:21]} d5 {[%emt 0:00:04]} 28.
Qxh6 {[%emt 0:00:10]} Qxc7 {[%emt 0:00:09]} 29. Rf2 {[%emt 0:00:06]} Bb5 {
[%emt 0:00:12]} 30. Bxb5 {[%emt 0:00:04]} axb5 {[%emt 0:00:02]} 31. Qg5+ {
[%emt 0:00:01]} Kd6 {[%emt 0:00:04]} 32. h4 {[%emt 0:00:09]} Qc4+ {[%emt 0:00:
02]} 33. Kg2 {[%emt 0:00:04]} Qe4+ {[%emt 0:00:01]} 34. Kh2 {[%emt 0:00:02]}
Qg6 {[%emt 0:00:04]} 35. Qe3 {[%emt 0:00:13]} f5 {[%emt 0:00:08]} 36. Re2 {
[%emt 0:00:05]} Qg7 {[%emt 0:00:12]} 37. Qb6+ {[%emt 0:00:01]} Ke7 {[%emt 0:00:
03]} 38. Qb7+ {[%emt 0:00:05]} Kf8 {[%emt 0:00:01]} 39. Qxg7+ {[%emt 0:00:02]}
Bxg7 {[%emt 0:00:02]} 40. Rxe6 {[%emt 0:00:01]} b4 {[%emt 0:00:00]} 41. Rd6 {
[%emt 0:00:04]} b3 {[%emt 0:00:16]} 42. Rxd5 {[%emt 0:00:02]} b2 {[%emt 0:00:
01]} 43. Rxf5+ {[%emt 0:00:01]} Kg8 {[%emt 0:00:00]} 44. Rb5 {[%emt 0:00:01]
JS_Mastropiero rinde} 1-0

[Event "Benidorm Satellite preliminary"]
[Site "playchess.com #007036"]
[Date "2009.10.24"]
[Round "10"]
[White "XxHUTIxx"]
[Black "Matematika"]
[Result "1-0"]
[WhiteElo "1721"]
[BlackElo "2005"]
[PlyCount "113"]
[EventDate "2009.10.24"]
[EventType "swiss (blitz)"]

1. e4 {[%emt 0:00:03]} e6 {[%emt 0:00:01]} 2. d4 {[%emt 0:00:03]} d5 {[%emt 0:
00:01]} 3. Nd2 {[%emt 0:00:04]} Nf6 {[%emt 0:00:01]} 4. e5 {[%emt 0:00:15]}
Nfd7 {[%emt 0:00:01]} 5. Bd3 {[%emt 0:00:01]} c5 {[%emt 0:00:01]} 6. c3 {[%emt
0:00:01]} Nc6 {[%emt 0:00:01]} 7. Ne2 {[%emt 0:00:01]} Qb6 {[%emt 0:00:02]} 8.
Nf3 {[%emt 0:00:02]} cxd4 {[%emt 0:00:01]} 9. cxd4 {[%emt 0:00:02]} f6 {[%emt
0:00:01]} 10. exf6 {[%emt 0:00:16]} Nxf6 {[%emt 0:00:02]} 11. O-O {[%emt 0:00:
02]} Bd6 {[%emt 0:00:01]} 12. Nc3 {[%emt 0:00:07]} a6 {[%emt 0:00:03]} 13. Re1
{[%emt 0:00:11]} O-O {[%emt 0:00:02]} 14. b3 {[%emt 0:00:17]} Kh8 {[%emt 0:00:
04]} 15. Na4 {[%emt 0:00:13]} Qc7 {[%emt 0:00:05]} 16. Bb2 {[%emt 0:00:04]} e5
{[%emt 0:00:09]} 17. dxe5 {[%emt 0:00:06]} Ng4 {[%emt 0:00:16]} 18. exd6 {
[%emt 0:00:12]} Qxd6 {[%emt 0:00:01]} 19. h3 {[%emt 0:00:09]} Rxf3 {[%emt 0:00:
02]} 20. hxg4 {[%emt 0:00:01]} Rf8 {[%emt 0:00:04]} 21. Rc1 {[%emt 0:00:29]}
Qf4 {[%emt 0:00:05]} 22. f3 {[%emt 0:00:10]} Bxg4 {[%emt 0:00:13]} 23. Be2 {
[%emt 0:00:33]} Be6 {[%emt 0:00:10]} 24. Nc5 {[%emt 0:00:08]} Bg8 {[%emt 0:00:
02]} 25. Nxb7 {[%emt 0:00:03]} Rae8 {[%emt 0:00:03]} 26. Rxc6 {[%emt 0:00:04]}
Qe3+ {[%emt 0:00:11]} 27. Kf1 {[%emt 0:00:05]} Qg5 {[%emt 0:00:18] '} 28. Qd4 {
[%emt 0:00:04]} Re4 {[%emt 0:00:11]} 29. Qxg7+ {[%emt 0:00:03]} Qxg7 {[%emt 0:
00:01]} 30. Bxg7+ {[%emt 0:00:01]} Kxg7 {[%emt 0:00:01]} 31. Rc7+ {[%emt 0:00:
02]} Kh6 {[%emt 0:00:05]} 32. Nd6 {[%emt 0:00:03]} Re6 {[%emt 0:00:03]} 33. Nb7
{[%emt 0:00:05]} Bf7 {[%emt 0:00:04]} 34. Nc5 {[%emt 0:00:01]} Ree8 {[%emt 0:
00:05]} 35. Nxa6 {[%emt 0:00:01]} Bg6 {[%emt 0:00:02]} 36. a4 {[%emt 0:00:01]}
d4 {[%emt 0:00:01]} 37. a5 {[%emt 0:00:02]} d3 {[%emt 0:00:01]} 38. Bd1 {[%emt
0:00:01]} d2 {[%emt 0:00:03]} 39. Rxe8 {[%emt 0:00:01]} Rxe8 {[%emt 0:00:01]}
40. Rd7 {[%emt 0:00:01]} Re1+ {[%emt 0:00:02]} 41. Kf2 {[%emt 0:00:01]} Rxd1 {
[%emt 0:00:01]} 42. Ke2 {[%emt 0:00:02]} Rg1 {[%emt 0:00:03]} 43. Rxd2 {[%emt
0:00:03]} Rxg2+ {[%emt 0:00:01]} 44. Ke3 {[%emt 0:00:01]} Rg5 {[%emt 0:00:03]}
45. b4 {[%emt 0:00:02]} Rb5 {[%emt 0:00:01]} 46. Rb2 {[%emt 0:00:02]} Be8 {
[%emt 0:00:03]} 47. Nc7 {[%emt 0:00:01]} Re5+ {[%emt 0:00:02]} 48. Kf2 {[%emt
0:00:01]} Bb5 {[%emt 0:00:03]} 49. a6 {[%emt 0:00:02]} Bxa6 {[%emt 0:00:01]}
50. Nxa6 {[%emt 0:00:01]} Kg5 {[%emt 0:00:02]} 51. b5 {[%emt 0:00:01]} h5 {
[%emt 0:00:02]} 52. b6 {[%emt 0:00:01]} h4 {[%emt 0:00:00]} 53. b7 {[%emt 0:00:
01]} h3 {[%emt 0:00:00]} 54. b8=Q {[%emt 0:00:02]} h2 {[%emt 0:00:00]} 55.
Qxe5+ {[%emt 0:00:02]} Kh4 {[%emt 0:00:02]} 56. Qxh2+ {[%emt 0:00:01]} Kg5 {
[%emt 0:00:01]} 57. Rb5+ {[%emt 0:00:01] Matematika resigns} 1-0